Historia universal Lexus / (Registro nro. 11594)

Detalles MARC
000 -LIDER
fixed length control field 00928cam a22002893a 4500
001 - NÚMERO DE CONTROL
Identificador de número de control 0000728
003 - IDENTIFICACDOR DE NÚMERO DE CONTROL
control field DO-SdBNP
005 - DATE AND TIME OF LATEST TRANSACTION
control field 20171208100749.0
007 - CAMPOS FIJOS DE DESCRIPCIÓN FÍSICA
fixed length control field 0000728
008 - ELEMENTOS DE LONGITUD FIJA
fixed length control field 861112 2008 sp ab 000 0 spa d
010 ## - NUMERO DE CONTROL DE BIBLIOTECA DEL CONGRESO
LC control number
020 ## - ISBN
International Standard Book Number 9972625192
040 ## - FUENTE DE CATALOGACIÓN
Agencia que crea de manera original el registro BPMSU
Agencia que realiza la transcripción spa
Agencia que realiza la modificación BPMSU
--
082 #4 - NÚMERO DE CLASIFICACIÓN DECIMAL DE DEWEY
Classification number 909
Item number H673u
245 00 - MENCIÓN DE TITULO
Título Historia universal Lexus /
Mención de responsabilidad dirección editorial Sacramento Nieto
260 0# - PUBLICACIÓN, DISTRIBUCIÓN, ETC. (PIE DE IMPRENTA)
Lugar de publicación, distribución, etc Barcelona, España :
Nombre del editor, distribuidor, etc. Lexus,
Fecha de publicación, distribución, etc 2008.
300 ## - DESCRIPCIÓN FÍSICA
Extensión 1039 p. :
Otros detalles físicos il., mapa
Dimensiones 27 cm.
505 2# - NOTA DE CONTENIDO
Título Prehistoria --
-- Edad antigua --
-- Edad media --
-- América precolombina --
-- Edad moderna --
-- Edad contemporánea --
-- Diccionario histórico --
600 00 - ENCABEZAMIENTO DE MATERIA--NOMBRE PERSONAL
Nombre personal
Subdivisión temática general
650 #4 - ENCABEZAMIENTO DE MATERIA--TEMÁTICO
Término temático o nombre geográfico como elemento de entrada HISTORIA UNIVERSAL
650 #4 - ENCABEZAMIENTO DE MATERIA--TEMÁTICO
Término temático o nombre geográfico como elemento de entrada CIVILIZACIÓN
Subdivisión temática general HISTORIA
700 12 - ASIENTO SECUNDARIO -- NOMBRE PERSONAL
Nombre personal Nieto, Sacramento
Mención de responsabilidad dir.
910 ## - VALIDACIÓN
Validación Validado. Control de calidad MFF
942 ## - ADDED ENTRY ELEMENTS (KOHA)
Source of classification or shelving scheme Dewey Decimal Classification
Koha item type Libros
945 ## - INFORMACIÓN DE PROCESAMIENTO LOCAL
Información de procesamiento local Inventariado, 2017/MFF
956 ## - LOCAL ELECTRONIC LOCATION AND ACCESS (OCLC)
Método de acceso YLOCKWARD
Materiales especificados 10
Campo enlazado y núm. de secuencia BPMSU
Existencias
Withdrawn status Lost status Source of classification or shelving scheme Damaged status Not for loan Collection code Home library Current library Date acquired Source of acquisition Total Checkouts Full call number Barcode Date last seen Price effective from Koha item type Copy number
    Dewey Decimal Classification     Colección General Biblioteca Pública Metropolitana Salomé Ureña Biblioteca Pública Metropolitana Salomé Ureña 10/18/2016 Sin sellar   909 H673u BPMSU16100236 10/18/2016 10/18/2016 Libros  
    Dewey Decimal Classification     Colección General Biblioteca Pública Metropolitana Salomé Ureña Biblioteca Pública Metropolitana Salomé Ureña 10/18/2016 Sin sellar   909 H673u BPMSU16100241 10/18/2016 10/18/2016 Libros e. 2